| 000 | 00639nam a2200157 4500 | ||
|---|---|---|---|
| 001 | 2328 | ||
| 005 | 20181127164940.0 | ||
| 010 | 0 | 0 | _a |
| 090 | 0 | 0 | _aBCA STA-305 No.2 |
| 245 | 0 | 0 |
_aCase study on power tiller: _bSonam Wangchuk Drongphen dealer / _cLobzang Thinley, Sonam Dorji, Karma Drugyel Wangmo, Pema Tashi, Sonam Lhamu, Sonam Yangzom, Kinley Dem. _h |
| 260 | 0 | 0 |
_a[Thimphu] : _b[Royal Thimphu College], _c2011. |
| 500 | _aStudent research project for BCA 305: Strategic Management (Fall 2011): Subhajit Sanyal, lecturer. | ||
| 500 | 0 | 0 | _aSpiral-bound xerographic copy. |
| 650 |
_aAgricultural equipment. _v _x _y _z _2 |
||
| 650 | 0 | 0 |
_aTillage. _x |
| 999 |
_c1855 _d1855 |
||